How to know God: (Record no. 179312)

MARC details
000 -LEADER
fixed length control field 00595nam a22001937a 4500
005 - DATE AND TIME OF LATEST TRANSACTION
control field 20210607112028.0
010 ## - LCCN (DPL NO)
LC control number B-739995
020 ## - INTERNATIONAL STANDARD BOOK NUMBER
International Standard Book Number 9780712605489
Terms of availability 195.00
035 ## - SYSTEM CONTROL NUMBER
System control number B-739995
037 ## - SOURCE OF ACQUISITION
Source of stock number/acquisition Gift
082 ## - DEWEY DECIMAL CLASSIFICATION NUMBER
Classification number 230.31
100 ## - MAIN ENTRY--PERSONAL NAME
Personal name Chopra, Deepak
245 ## - TITLE STATEMENT
Title How to know God:
Remainder of title the soul's journey into the mystery of mysteries /
Statement of responsibility, etc by Deepak Chopra
260 ## - PUBLICATION, DISTRIBUTION, ETC. (IMPRINT)
Place of publication, distribution, etc London
Name of publisher, distributor, etc Random House
Date of publication, distribution, etc 2000
300 ## - PHYSICAL DESCRIPTION
Extent 319p.
Dimensions 20cm(pbk)
500 ## - GENERAL NOTE
General note includes index
942 ## - ADDED ENTRY ELEMENTS (KOHA)
Source of classification or shelving scheme Dewey Decimal Classification
Item type English Books
Call number suffix CHO
Classification part 230.31
Holdings
Withdrawn status Lost status Not for loan Collection code Home library Current library Date acquired Source of acquisition Cost, normal purchase price Full call number Barcode Copy number Cost, replacement price Koha item type Public note
      Non-fiction Ashok Vihar Ashok Vihar 07/06/2021 Gift/Eng/03-05-2021 195.00 230.31 CHO B-739995 1 195.00 English Books Gift

© Delhi Public Library
Hit Counter
free hit counter